Internet and intranet engineering: Technologies protocols and applications (Record no. 5334)

MARC details
000 -LEADER
fixed length control field 00567nam a2200157Ia 4500
003 - CONTROL NUMBER IDENTIFIER
control field SGT
020 ## - INTERNATIONAL STANDARD BOOK NUMBER
International Standard Book Number 9780074637432
082 ## - DEWEY DECIMAL CLASSIFICATION NUMBER
Classification number 4.678
Item number MIN
100 ## - MAIN ENTRY--PERSONAL NAME
Personal name Minoli, Daniel
245 ## - TITLE STATEMENT
Title Internet and intranet engineering: Technologies protocols and applications
260 ## - PUBLICATION, DISTRIBUTION, ETC. (IMPRINT)
Name of publisher, distributor, etc Tata McGraw Hill Education Private Limited
Place of publication, distribution, etc New Delhi
Year of Publication 2011
300 ## - PAGE DESCRIPTION
No. of Pages 424p.
650 ## - SUBJECT ADDED ENTRY--TOPICAL TERM
Topical term or geographic name as entry element COMPUTER SCIENCE
653 ## - KEYWORDS--INDEX TERM
Keyword term INTERNET STRUCTURE,PROTOCOLS,AND ACCESS WITH AN EYE TO INTRANETS,ROUTER TECHNOLOGY,INTERNET AND INTRANET WEB SERVER TECHNOLOGY,ACCESS,AND PROTOCOLS
942 ## - ADDED ENTRY ELEMENTS (KOHA)
Source of classification or shelving scheme Dewey Decimal Classification
Koha item type Books
Holdings
Withdrawn status Lost status Source of classification or shelving scheme Damaged status Not for loan Home library Current library Date acquired SGTU Total Checkouts Full call number Accession No. (Barcode) Date last seen Bill Date Koha item type Date last borrowed
    Dewey Decimal Classification     SGT Engineering Library SGT Engineering Library 24/09/2011 SGTU   4.678 MIN FE4089 09/02/2015 09/02/2015 Books  
    Dewey Decimal Classification     SGT Engineering Library SGT Engineering Library 24/09/2011 SGTU 1 4.678 MIN FE4090 13/03/2026 09/02/2015 Books 13/03/2026
    Dewey Decimal Classification     SGT Engineering Library SGT Engineering Library 24/09/2011 SGTU   4.678 MIN FE4091 09/02/2015 09/02/2015 Books  
    Dewey Decimal Classification     SGT Engineering Library SGT Engineering Library 24/09/2011 SGTU   4.678 MIN FE4092 09/02/2015 09/02/2015 Books  
    Dewey Decimal Classification     SGT Engineering Library SGT Engineering Library 24/09/2011 SGTU   4.678 MIN FE4093 09/02/2015 09/02/2015 Books